The Origins and Foundation of Music Education (Record no. 15835)

MARC details
000 -LEADER
fixed length control field 00723nam a22002057a 4500
003 - CONTROL NUMBER IDENTIFIER
control field OSt
005 - DATE AND TIME OF LATEST TRANSACTION
control field 20160407123602.0
008 - FIXED-LENGTH DATA ELEMENTS--GENERAL INFORMATION
fixed length control field 160317b xxu||||| |||| 00| 0 eng d
020 ## - INTERNATIONAL STANDARD BOOK NUMBER
International Standard Book Number 1441128881
040 ## - CATALOGING SOURCE
Original cataloging agency KABU
Transcribing agency KABU
050 ## - LIBRARY OF CONGRESS CALL NUMBER
Classification number MT1
Item number .O75 2011
245 ## - TITLE STATEMENT
Title The Origins and Foundation of Music Education
Remainder of title Cross-cuultural Historical Studies of Music in Compulsory Schooling
Statement of responsibility, etc. edited by Gordon Cox and Robin Stevens
260 ## - PUBLICATION, DISTRIBUTION, ETC. (IMPRINT)
Place of publication, distribution, etc. Britain
Name of publisher, distributor, etc. Robin Stevens and Contributors
Date of publication, distribution, etc. 2011
300 ## - PHYSICAL DESCRIPTION
Extent xiv,242p.
610 ## - SUBJECT ADDED ENTRY--CORPORATE NAME
Corporate name or jurisdiction name as entry element Music
General subdivision Instrction and study
610 ## - SUBJECT ADDED ENTRY--CORPORATE NAME
Corporate name or jurisdiction name as entry element Music
General subdivision Instruction and Study
700 ## - ADDED ENTRY--PERSONAL NAME
Personal name Cox, Gordon
700 ## - ADDED ENTRY--PERSONAL NAME
Personal name Stevens, Robin
942 ## - ADDED ENTRY ELEMENTS (KOHA)
Source of classification or shelving scheme Library of Congress Classification
Koha item type General Collection
Classification part MT1 .O75 2001 C.1
Holdings
Withdrawn status Lost status Source of classification or shelving scheme Not for loan Home library Current library Date acquired Total Checkouts Full call number Barcode Date last seen Date last checked out Copy number Price effective from Koha item type
    Library of Congress Classification   Kabarak, Main Campus Kabarak, Main Campus 17/03/2016 1 MT1 .O75 2011 026131 11/07/2017 23/03/2017 C.1 17/03/2016 General Collection
Designed with assistance from East African Informatics Ltd